[Event "62nd ch-IND 2025"]
[Site "Guntur IND"]
[Date "2025.09.30"]
[Round "10.41"]
[White "Setumadhav, Yellumahanthi"]
[Black "Ayushh, Ravikumar"]
[Result "1-0"]
[WhiteTitle "FM"]
[BlackTitle "FM"]
[WhiteElo "2230"]
[BlackElo "2038"]
[WhiteFideId "25920669"]
[BlackFideId "35039482"]
[EventDate "2025.09.21"]

1. e4 e5 2. Nf3 Nf6 3. Nxe5 d6 4. Nf3 Nxe4 5. Bd3 Nc5 6. Be2 d5 7. d4 Ne4 8. O-O
Bd6 9. c4 c6 10. Nc3 O-O 11. Re1 Bf5 12. Bd3 Nxc3 13. bxc3 Bxd3 14. Qxd3 dxc4
15. Qxc4 Nd7 16. Bg5 Qc7 17. Be7 Nb6 18. Bxd6 Qxd6 19. Qb3 Rfe8 20. Re5 Rxe5 21.
Nxe5 Qd5 22. Rb1 Qxb3 23. Rxb3 Re8 24. Kf1 f6 25. Nd3 Re7 26. g3 Nc4 27. Kg2 b5
28. Nb4 Re6 29. Rb1 a5 30. d5 cxd5 31. Nxd5 Re2 32. Rxb5 Rxa2 33. Rb8+ Kf7 34.
Rb7+ Ke6 35. Nf4+ Kd6 36. Rxg7 Ne3+ 37. Kf3 Nd1 38. Ne2 Rd2 39. Rxh7 Rd3+ 40.
Kg2 Nxc3 41. Nxc3 Rxc3 42. Ra7 Rc5 43. Ra6+ Ke5 44. h4 Kf5 45. f3 Kg6 46. g4 Kg7
47. Kg3 Rb5 48. h5 Rc5 49. Ra7+ Kh6 50. Rf7 f5 51. Kh4 fxg4 52. fxg4 Rc4 53.
Rf6+ Kh7 54. Ra6 a4 55. h6 Rc1 56. Kh5 Rh1+ 57. Kg5 Rb1 58. Ra7+ Kh8 59. Kh5 a3
60. g5 Rb5 61. Rxa3 Kh7 62. Ra7+ Kh8 63. Rf7 Kg8 64. Rf4 Kh7 65. Kg4 Rb7 66. Re4
Rb6 67. Kf5 Rb5+ 68. Kf6 Rb6+ 69. Re6 Rb1 70. Re7+ 1-0

[Event "62nd ch-IND 2025"]
[Site "Guntur IND"]
[Date "2025.09.30"]
[Round "10.42"]
[White "Abhinav Raj"]
[Black "Sharma, Dinesh K."]
[Result "1/2-1/2"]
[BlackTitle "IM"]
[WhiteElo "2015"]
[BlackElo "2192"]
[WhiteFideId "25633139"]
[BlackFideId "5004110"]
[EventDate "2025.09.21"]

1. e4 e6 2. d4 d5 3. Nd2 c5 4. Ngf3 cxd4 5. Nxd4 Nc6 6. Bb5 Bd7 7. Nxc6 bxc6 8.
Bd3 Bd6 9. Qe2 e5 10. exd5 cxd5 11. c4 Nf6 12. cxd5 Nxd5 13. Nc4 Bb4+ 14. Bd2
Bxd2+ 15. Qxd2 O-O 16. Bxh7+ Kxh7 17. Qxd5 Be6 18. Qxd8 Rfxd8 19. Nxe5 f6 20.
Nc6 Rd6 21. Na5 Rb8 22. Nb3 Bxb3 23. axb3 Re8+ 24. Kf1 Rd2 25. g4 Ree2 26. Kg2
Rxf2+ 27. Kg3 Rg2+ 28. Kh3 Rge2 29. Rhg1 Rxb2 30. Rxa7 Rxb3+ 31. Rg3 Rbb2 32.
Rd3 Rxh2+ 33. Kg3 Rh1 34. Rc7 Rb4 35. Rd6 Rg1+ 36. Kh2 Rf1 37. g5 Rb2+ 38. Kh3
Rh1+ 39. Kg3 Rg1+ 40. Kf3 Rf1+ 41. Kg3 Rg1+ 42. Kf3 fxg5 43. Rdd7 Rf1+ 44. Kg3
Rb3+ 45. Kg2 Rf4 46. Rxg7+ Kh6 47. Rh7+ Kg6 48. Rcg7+ Kf5 49. Rf7+ Kg4 50. Rxf4+
Kxf4 51. Rf7+ Kg4 52. Ra7 Rb2+ 53. Kg1 Kh4 54. Ra4+ g4 55. Ra3 g3 56. Ra8 1/2-1/2

[Event "62nd ch-IND 2025"]
[Site "Guntur IND"]
[Date "2025.09.30"]
[Round "10.43"]
[White "Sharsha Backer"]
[Black "Abhishek, Kelkar"]
[Result "1/2-1/2"]
[BlackTitle "IM"]
[WhiteElo "2011"]
[BlackElo "2172"]
[WhiteFideId "46666044"]
[BlackFideId "5019257"]
[EventDate "2025.09.21"]

1. d4 Nf6 2. c4 g6 3. Nf3 Bg7 4. g3 O-O 5. Bg2 d6 6. O-O c6 7. Nc3 Bf5 8. Nh4
Be6 9. d5 cxd5 10. cxd5 Bd7 11. e4 Qb6 12. h3 Rc8 13. Qe2 Qa6 14. Re1 b5 15. e5
dxe5 16. d6 Nc6 17. dxe7 Rab8 18. Nf3 Re8 19. Bg5 Nxe7 20. a4 Ned5 21. axb5 Nxc3
22. bxc3 Qxb5 23. Qxb5 Rxb5 24. Rxa7 e4 25. Bxf6 exf3 26. Rxe8+ Bxe8 27. Ra8
Rb1+ 28. Bf1 Re1 29. Bg5 Bxc3 30. Be3 Kf8 31. Rc8 Bf6 32. Rc1 Rxc1 33. Bxc1 h5
34. h4 Bd4 35. Bc4 Bc6 36. Ba3+ Kg7 37. Be7 f6 38. Be6 Be4 39. Bd6 g5 40. hxg5
fxg5 41. Be7 Bf6 42. Bxf6+ Kxf6 43. Bc4 Bf5 44. Bd5 Bg4 45. Bb3 Ke5 46. Bf7 Kd4
47. Bg6 Kc3 48. Bf7 Kd2 49. Bg6 Ke2 50. Be8 Ke1 51. Bg6 Kd2 52. Bf7 Kd3 53. Bg6+
Kd4 54. Be8 Ke5 55. Bf7 Kf6 56. Bd5 Kf5 57. Bc6 Ke5 58. Be8 1/2-1/2

[Event "62nd ch-IND 2025"]
[Site "Guntur IND"]
[Date "2025.09.30"]
[Round "10.44"]
[White "Sparsh, Khandelwal"]
[Black "Mukund Hemant Agarwal"]
[Result "0-1"]
[BlackTitle "CM"]
[WhiteElo "1986"]
[BlackElo "2169"]
[WhiteFideId "35064312"]
[BlackFideId "25679791"]
[EventDate "2025.09.21"]

1. e4 c5 2. Nf3 d6 3. c3 Nf6 4. h3 Nc6 5. Bd3 e5 6. O-O g5 7. Bc4 g4 8. Ng5 gxh3
9. Nxf7 Qd7 10. g3 Rg8 11. d4 cxd4 12. Bg5 Na5 13. Bxf6 Nxc4 14. Ng5 Qg4 15.
Qxg4 Bxg4 16. cxd4 Rg6 0-1

[Event "62nd ch-IND 2025"]
[Site "Guntur IND"]
[Date "2025.09.30"]
[Round "10.45"]
[White "Kolla Bhaavan"]
[Black "Arul, Anandh S P K"]
[Result "1/2-1/2"]
[WhiteElo "2008"]
[BlackElo "2134"]
[WhiteFideId "25106821"]
[BlackFideId "45086931"]
[EventDate "2025.09.21"]

1. e4 c5 2. Nf3 e6 3. b3 a6 4. Bb2 Nc6 5. c4 Nf6 6. e5 Ng4 7. g3 d6 8. exd6 f6
9. h3 Nh6 10. d4 cxd4 11. Nxd4 Nxd4 12. Qxd4 Nf5 13. Qd2 Bxd6 14. Nc3 Qc7 15.
O-O-O O-O 16. Bd3 Nd4 17. Be4 e5 18. Nd5 Qf7 19. Nb6 Rb8 20. Bxd4 exd4 21. Qxd4
Ba3+ 22. Kb1 Kh8 23. Rhe1 f5 24. Bg2 f4 25. g4 Bb4 26. Re5 f3 27. Bf1 Be7 28.
Nd5 Bd6 29. Re3 Be6 30. c5 Bh2 31. Bc4 Rbd8 32. Qe4 Rde8 33. Nb6 Bxc4 34. Qxc4
Qg6+ 35. Qd3 Rxe3 36. Qxg6 hxg6 37. fxe3 f2 38. Rf1 Bg3 39. Nc4 Bh4 40. Kc2 Rf3
41. Ne5 Rf6 42. Kd2 Kg8 43. Ke2 Re6 44. Nc4 Kf8 45. b4 Ke7 46. a4 Re4 47. Kd3
Re6 48. Nd6 Bg3 49. Nxb7 Kf6 50. b5 Kg5 51. c6 Kh4 52. Nc5 Re5 53. Nxa6 Kxh3 54.
c7 Re8 55. Rc1 Kg2 56. Ke2 Bf4 57. Kd3 Bxe3 58. Rb1 Bb6 59. Kc4 Kf3 60. Rf1 Re1
61. Rxf2+ Kxf2 62. Kd5 Rc1 63. Kd6 Kf3 64. Kd7 Bxc7 65. Nxc7 Ra1 66. b6 Rxa4 67.
Kc6 Rc4+ 68. Kb5 Rc1 69. b7 Rb1+ 70. Kc6 Rxb7 71. Kxb7 Kxg4 72. Ne6 Kf5 73.
Nxg7+ Kf6 74. Ne8+ Kf7 75. Nd6+ Ke6 76. Kc6 g5 77. Ne4 g4 78. Ng3 Ke5 79. Kc5
Kf4 80. Nh5+ Ke5 1/2-1/2

[Event "62nd ch-IND 2025"]
[Site "Guntur IND"]
[Date "2025.09.30"]
[Round "10.46"]
[White "Agnivo Chakraborty"]
[Black "Aadik Theophane Lenin"]
[Result "1-0"]
[WhiteElo "1983"]
[BlackElo "2108"]
[WhiteFideId "25943570"]
[BlackFideId "33362041"]
[EventDate "2025.09.21"]

1. e4 c5 2. Nf3 Nc6 3. d4 cxd4 4. Nxd4 e5 5. Ne2 Nf6 6. Nbc3 Bc5 7. Ng3 d6 8.
Na4 Bb4+ 9. c3 Ba5 10. Be2 O-O 11. O-O a6 12. b4 Bc7 13. a3 h6 14. Be3 Re8 15.
c4 Nd4 16. Rc1 Nxe2+ 17. Qxe2 Ng4 18. Nc3 Qh4 19. h3 Nxe3 20. Qxe3 Be6 21. Nd5
Bd8 22. Qf3 g6 23. Rfd1 Rc8 24. Rc3 Rf8 25. Ne3 Be7 26. Nd5 Bg5 27. c5 dxc5 28.
Rxc5 Rcd8 29. Re1 h5 30. Qc3 b6 31. Rc4 Bd2 32. Qxd2 Bxd5 33. exd5 Qxc4 34. Nxh5
Qh4 35. Rxe5 f5 36. Nf4 Rf6 37. Qe3 Qh6 38. Re7 Qf8 39. h4 Rfd6 40. Rb7 Qf6 41.
g3 b5 42. Ne6 f4 43. Nxf4 Qf5 44. Ne6 R8d7 45. Rb8+ Kh7 46. Qc3 Kh6 47. Rh8+ Rh7
48. Rxh7+ 1-0

[Event "62nd ch-IND 2025"]
[Site "Guntur IND"]
[Date "2025.09.30"]
[Round "10.47"]
[White "Arush A"]
[Black "Jagesia Daksh"]
[Result "1/2-1/2"]
[WhiteElo "2105"]
[BlackElo "1975"]
[WhiteFideId "48725170"]
[BlackFideId "25670956"]
[EventDate "2025.09.21"]

1. e4 e6 2. d4 d5 3. Nc3 Bb4 4. e5 c5 5. a3 Ba5 6. b4 cxb4 7. Nb5 Bc7 8. Qg4 Kf8
9. Bd3 Bd7 10. Nxc7 Qxc7 11. Ne2 Ne7 12. O-O Nbc6 13. Bd2 bxa3 14. Rxa3 b5 15.
Rb1 Rb8 16. Qf4 b4 17. Raa1 a5 18. Nc1 Ng6 19. Qe3 f5 20. exf6 gxf6 21. Nb3 Kf7
22. Nc5 Qd6 23. f4 f5 24. Kh1 Rhg8 25. g4 Nge7 26. g5 h6 27. Be2 hxg5 28. Bh5+
Ng6 29. Nd3 Rh8 30. Ne5+ Nxe5 31. fxe5 Qe7 32. Bxg6+ Kxg6 33. Rg1 g4 34. Rxa5
Bb5 35. Raa1 Bc4 36. Rab1 Rh5 37. Rg2 b3 38. cxb3 Qa3 39. Qf4 Qe7 40. Rbg1 Rxb3
41. Rxg4+ Kh7 42. Rg5 Rbh3 43. Qg3 Qxg5 44. Qf3 Qe7 1/2-1/2

[Event "62nd ch-IND 2025"]
[Site "Guntur IND"]
[Date "2025.09.30"]
[Round "10.48"]
[White "Sravyasree Bheemarasetty"]
[Black "Gyana, Sai Santhosh M"]
[Result "0-1"]
[WhiteElo "1977"]
[BlackElo "2098"]
[WhiteFideId "33414220"]
[BlackFideId "25611135"]
[EventDate "2025.09.21"]

1. e4 e5 2. Nf3 Nc6 3. Bc4 Nf6 4. d3 Bc5 5. c3 O-O 6. O-O d5 7. exd5 Nxd5 8. b4
Be7 9. b5 Na5 10. Bxd5 Qxd5 11. c4 Qd8 12. Bd2 b6 13. Bxa5 bxa5 14. Nc3 Bb7 15.
Qe2 Re8 16. Qe3 Bb4 17. Rac1 a6 18. a4 Qf6 19. Ne4 Qg6 20. Ng3 Rad8 21. Rfd1
axb5 22. cxb5 Qb6 23. Nf5 Bd5 24. Rf1 g6 25. Nh6+ Kg7 26. Ng4 Qxe3 27. fxe3 e4
28. dxe4 Rxe4 29. Nf2 Rxe3 30. Rxc7 Bb3 31. Ng4 Re7 32. Rxe7 Bxe7 33. Ra1 Bc5+
34. Nf2 Bxa4 35. h3 Rd1+ 36. Rxd1 Bxd1 37. Nd2 a4 38. Nc4 Be2 39. Nd2 a3 40. Nb3
a2 41. g4 Bc4 42. Na1 Bd4 43. Nc2 Bb3 44. Nxd4 a1=Q+ 45. Kg2 Qxd4 46. h4 Bd5+
47. Kg1 Qe3 48. Kf1 Bf3 49. b6 Qe2+ 50. Kg1 Qe1+ 51. Kh2 Qxf2+ 52. Kh3 Qg2# 0-1

[Event "62nd ch-IND 2025"]
[Site "Guntur IND"]
[Date "2025.09.30"]
[Round "10.49"]
[White "Badamundi, Tapan"]
[Black "Ayaan Garg"]
[Result "1-0"]
[WhiteElo "1973"]
[BlackElo "2091"]
[WhiteFideId "46623574"]
[BlackFideId "25182242"]
[EventDate "2025.09.21"]

1. c4 e6 2. d4 d5 3. g3 Nf6 4. Bg2 Be7 5. Nf3 O-O 6. O-O c6 7. Nc3 Nbd7 8. b3 b6
9. cxd5 cxd5 10. Bf4 Ba6 11. a4 Rc8 12. Nb5 Ne4 13. Rc1 Rxc1 14. Qxc1 Bb4 15.
Bd2 Nxd2 16. Nxd2 Bxb5 17. axb5 Nf6 18. Nf3 Ne4 19. Qa1 Qe8 20. Qa4 a5 21. bxa6
Qxa4 22. bxa4 Nc3 23. Ne5 Nxe2+ 24. Kh1 Bc3 25. Rb1 Bxd4 26. Nc6 Nc3 27. Rb3 e5
28. Ne7+ Kh8 29. Nxd5 Nd1 30. h3 Ra8 31. Nc7 Ra7 32. Bb7 Nc3 33. Rxc3 Bxc3 34.
Nb5 Rxa6 35. Bxa6 Bb4 36. Kg2 g6 37. Nc7 Kg7 38. Bc4 f5 39. g4 fxg4 40. hxg4 h5
41. Kg3 e4 42. Ne6+ Kf6 43. Kf4 Be1 44. g5+ Ke7 45. Kxe4 Bxf2 46. Nf4 Kd6 47.
Nxg6 Kc5 48. Bb5 Be1 49. Kf5 Kb4 50. Nf4 Ka5 51. Nxh5 Bc3 52. g6 Ba1 53. Nf6 1-0

[Event "62nd ch-IND 2025"]
[Site "Guntur IND"]
[Date "2025.09.30"]
[Round "10.50"]
[White "Vijay, Kumar"]
[Black "Badole Shaunak"]
[Result "1/2-1/2"]
[WhiteElo "1939"]
[BlackElo "2086"]
[WhiteFideId "5066441"]
[BlackFideId "25952900"]
[EventDate "2025.09.21"]

1. e4 g6 2. Nf3 Bg7 3. c4 d6 4. d4 Nd7 5. Nc3 e6 6. Bg5 Ne7 7. Qd2 h6 8. Be3 b6
9. c5 Bb7 10. cxd6 cxd6 11. Bd3 a6 12. O-O b5 13. a4 b4 14. Ne2 a5 15. Rfe1 Nf6
16. Bb5+ Kf8 17. e5 Nfd5 18. Ng3 Nf5 19. Nxf5 gxf5 20. exd6 Qxd6 21. Ne5 Rd8 22.
Rad1 Ke7 23. f3 Rc8 24. Bf2 Bf6 25. Bg3 f4 26. Bxf4 Nxf4 27. Qxf4 Rc2 28. Rc1
Rhc8 29. Rxc2 Rxc2 30. Re2 Rc8 31. Kf1 b3 32. Qg4 Rc1+ 33. Kf2 Rd1 34. Qh5 Qxd4+
35. Kg3 Bxe5+ 36. Qxe5 Qxe5+ 37. Rxe5 Rd2 38. Bc4 Rxb2 39. Rxa5 Kd6 40. Rb5 Bd5
41. Bxd5 exd5 42. Kf4 Rxg2 43. Rxb3 Rxh2 44. Rb7 Rh4+ 45. Kg3 Rxa4 46. Rxf7 Ke5
47. Re7+ Kd4 48. f4 Kc3 49. f5 d4 50. Kf3 Ra1 51. Rc7+ Kd3 52. Kf4 Rf1+ 53. Ke5
Ke3 54. Rc4 d3 55. Re4+ Kd2 56. Rh4 Kc3 57. Rxh6 Re1+ 58. Kf4 d2 59. Rd6 d1=Q
60. Rxd1 Rxd1 61. Ke5 Re1+ 62. Kd5 Rf1 63. Ke6 Kd4 64. f6 Re1+ 65. Kd6 Rf1 66.
Ke7 Kd5 67. f7 Re1+ 68. Kd7 Rf1 69. Ke7 Re1+ 70. Kf6 Rf1+ 71. Kg7 Ke6 72. f8=R
Rxf8 73. Kxf8 Ke5 1/2-1/2

[Event "62nd ch-IND 2025"]
[Site "Guntur IND"]
[Date "2025.09.30"]
[Round "10.51"]
[White "Modipalli Deekshitha"]
[Black "Abhishek T M"]
[Result "1/2-1/2"]
[WhiteTitle "WCM"]
[WhiteElo "1934"]
[BlackElo "2077"]
[WhiteFideId "33389454"]
[BlackFideId "35048252"]
[EventDate "2025.09.21"]

1. d4 Nf6 2. c4 e6 3. Nc3 Bb4 4. Qc2 d5 5. cxd5 exd5 6. Bg5 h6 7. Bh4 Nc6 8. e3
g5 9. Bg3 h5 10. Bb5 h4 11. Be5 O-O 12. h3 Nxe5 13. dxe5 Ne4 14. Bd3 f5 15. a3
Bxc3+ 16. bxc3 Bd7 17. Rb1 Qe7 18. Nf3 Bc6 19. Qb2 Nc5 20. Be2 Kh7 21. Rd1 Kh6
22. O-O Rae8 23. Kh1 Nd7 24. Nd4 Nxe5 25. Qb1 Bd7 26. f4 Nc6 27. fxg5+ Qxg5 28.
Qxb7 Rxe3 29. Bf3 Nxd4 30. Rxd4 Rg8 31. Bxd5 Rg7 32. Qxc7 Be6 33. Qd6 Kh7 34. c4
Re2 35. Qf4 Bxd5 36. Qxg5 Bxg2+ 37. Qxg2 Rgxg2 38. Rxf5 Rh2+ 39. Kg1 Kg6 40. Rf3
Reg2+ 41. Kf1 Ra2 42. Rd6+ Kg5 43. Rd5+ Kg6 44. Kg1 1/2-1/2

[Event "62nd ch-IND 2025"]
[Site "Guntur IND"]
[Date "2025.09.30"]
[Round "10.52"]
[White "Pranay Akula"]
[Black "Tijil Singh"]
[Result "1-0"]
[WhiteElo "2075"]
[BlackElo "1907"]
[WhiteFideId "25131001"]
[BlackFideId "33401195"]
[EventDate "2025.09.21"]

1. e4 c5 2. Nf3 Nc6 3. Bb5 d6 4. O-O Bd7 5. Re1 Nf6 6. c3 a6 7. Bf1 Bg4 8. d3 e6
9. h3 Bh5 10. Be3 Be7 11. Nbd2 d5 12. Be2 dxe4 13. Nxe4 Nxe4 14. dxe4 O-O 15.
Nd2 Bxe2 16. Qxe2 Qc7 17. Rad1 Rfd8 18. Nf3 Rxd1 19. Rxd1 Rd8 20. Rd2 h6 21. Qd1
Rxd2 22. Qxd2 Qd6 23. Qxd6 Bxd6 24. Kf1 c4 25. Ke2 Kf8 26. Bb6 Bf4 27. g3 Bc1
28. Kd1 Bg5 29. Nd4 Bd8 30. Bc5+ Be7 31. Bxe7+ Kxe7 32. Nxc6+ bxc6 33. e5 f6 34.
Ke2 fxe5 35. Ke3 Kd6 36. Ke4 c5 37. h4 g5 38. hxg5 hxg5 39. f3 a5 40. a4 Kd7 41.
Kxe5 Ke7 42. g4 Kf7 43. f4 gxf4 44. Kxf4 Kf6 45. g5+ Kg6 46. Ke5 1-0

[Event "62nd ch-IND 2025"]
[Site "Guntur IND"]
[Date "2025.09.30"]
[Round "10.53"]
[White "Akshit, Kumar J"]
[Black "Kherdekar Arnav"]
[Result "1-0"]
[WhiteTitle "CM"]
[WhiteElo "2074"]
[BlackElo "1885"]
[WhiteFideId "25097431"]
[BlackFideId "46646345"]
[EventDate "2025.09.21"]

1. e4 c5 2. Nf3 Nc6 3. d4 cxd4 4. Nxd4 Nf6 5. Nc3 e5 6. Ndb5 d6 7. Bg5 a6 8. Na3
b5 9. Nd5 Be7 10. Bxf6 Bxf6 11. c3 O-O 12. Nc2 Rb8 13. h4 g6 14. g3 Bg7 15. h5
Ne7 16. Nce3 Be6 17. Bg2 Nxd5 18. Nxd5 Bxd5 19. Qxd5 b4 20. c4 Qc7 21. Bh3 Bh6
22. Rd1 Rbd8 23. Kf1 Kg7 24. Qd3 Qa5 25. Qb3 Qb6 26. Rd5 Rb8 27. Kg2 Bg5 28.
Rhd1 Be7 29. R1d3 Rb7 30. Qa4 Rc7 31. b3 Qb7 32. a3 bxa3 33. Qxa3 Rb8 34. Qc1
Qb4 35. Qa1 Rb6 36. Rxe5 dxe5 37. Qxe5+ Rf6 38. Qxc7 Qe1 39. Bf5 gxf5 40. h6+
Kg6 41. Re3 Qb4 42. exf5+ Rxf5 43. Qxe7 Qxe7 44. Rxe7 Kxh6 45. Rb7 Kg7 46. Rb6
Ra5 47. Kf3 Ra2 48. Ke3 f6 49. g4 Kg6 50. f4 a5 51. g5 Ra3 52. Ke4 Kg7 53. gxf6+
Kf7 54. Kf5 a4 55. Rb7+ Kf8 56. bxa4 Rxa4 57. Rxh7 Rxc4 58. Kg6 Ke8 59. Rh8+ 1-0

[Event "62nd ch-IND 2025"]
[Site "Guntur IND"]
[Date "2025.09.30"]
[Round "10.54"]
[White "Dubey, Sanchay"]
[Black "Mahindrakar, Indrajeet"]
[Result "1-0"]
[WhiteElo "1929"]
[BlackElo "2074"]
[WhiteFideId "35030728"]
[BlackFideId "35023721"]
[EventDate "2025.09.21"]

1. d4 Nf6 2. c4 g6 3. Nc3 Bg7 4. g3 O-O 5. Bg2 d6 6. Nf3 Nbd7 7. O-O e5 8. e4
exd4 9. Nxd4 Nc5 10. Re1 Re8 11. f3 a5 12. Be3 Nfd7 13. Rc1 c6 14. Bf1 Ne5 15.
Kh1 Qe7 16. Bg1 h5 17. h3 Ned7 18. Qd2 Nf8 19. Rcd1 Qf6 20. Bg2 Nfe6 21. Nxe6
Bxe6 22. e5 Qd8 23. exd6 b6 24. b3 Ra7 25. f4 Qc8 26. Kh2 Rd8 27. Ne4 Nxe4 28.
Rxe4 c5 29. Re3 Rad7 30. Rd3 Bf8 31. Qe2 h4 32. g4 Bxd6 33. Be3 Qc7 34. Rf1 g5
35. Kh1 Bxf4 36. Bxf4 gxf4 37. Rdf3 Rd2 38. Qe1 Rxa2 39. Rxf4 Rdd2 40. Qxh4 Rxg2
41. Qg5+ Kf8 42. Qh6+ Kg8 43. Qg5+ Kf8 44. Qh6+ Ke8 45. Qh8+ Ke7 46. Rxf7+ Bxf7
47. Rxf7+ Kxf7 48. Qh7+ Kf6 49. Qxc7 Rge2 50. Qf4+ Ke7 51. Qg5+ Ke8 52. Qg6+ Kd7
53. Qf5+ Kc7 54. Qf1 Rf2 55. Qg1 Rf3 56. Qe1 Rxh3+ 57. Kg1 Rd3 58. Qe5+ Rd6 59.
g5 Kd7 60. Qf5+ Ke7 61. Qh7+ Kd8 62. Qg8+ Kc7 63. Qf7+ Kc8 64. Qe8+ Kc7 65. Qe5
Kd7 66. Qf5+ Ke7 67. Qh7+ Ke6 68. Qe4+ Kd7 69. Qb7+ Ke8 70. Qe4+ Kf8 71. Qf4+
Ke7 72. Qe5+ Re6 73. Qc7+ Ke8 74. Qc8+ Kf7 75. Qd7+ Re7 76. Qf5+ Kg8 77. Qg6+
Kf8 78. Qf6+ Ke8 79. Qc6+ Kf7 80. Qf6+ Ke8 81. Qc6+ Rd7 82. g6 Ke7 83. Qxd7+
Kxd7 84. g7 Ra1+ 85. Kf2 Ra2+ 86. Kf3 Ra3 87. g8=Q Rxb3+ 88. Ke4 Kc7 89. Qh7+
Kc6 90. Qg6+ Kb7 91. Kd5 Ka6 92. Kc6 a4 93. Qf7 Ka5 94. Qa7+ Kb4 95. Qxb6+ Kxc4
96. Qxc5+ Kd3 97. Kd5 Kd2 98. Qa5+ Kc2 99. Qxa4 Kb2 100. Kc4 Rb8 101. Qa6 Kb1
102. Qg6+ Ka1 103. Qf6+ Rb2 104. Kc3 Kb1 105. Qf1+ Ka2 106. Qc4+ Kb1 107. Qa4
Rb8 108. Qe4+ Ka2 109. Qe2+ Ka1 110. Qf1+ Ka2 111. Qf2+ Kb1 112. Qg1+ Ka2 113.
Qh2+ Ka1 114. Qxb8 Ka2 115. Qb2# 1-0

[Event "62nd ch-IND 2025"]
[Site "Guntur IND"]
[Date "2025.09.30"]
[Round "10.55"]
[White "Ashutosh, Kumar"]
[Black "Adhiraj Mitra"]
[Result "1/2-1/2"]
[WhiteElo "1913"]
[BlackElo "2064"]
[WhiteFideId "5018714"]
[BlackFideId "25128531"]
[EventDate "2025.09.21"]

1. e4 e5 2. Nf3 Nc6 3. d4 exd4 4. Bc4 Nf6 5. e5 d5 6. Bb5 Nd7 7. Bxc6 bxc6 8.
Nxd4 Nb8 9. O-O c5 10. Nb3 Nc6 11. f4 Be7 12. Nc3 c4 13. Nd4 Nxd4 14. Qxd4 c6
15. Kh1 Bf5 16. Be3 Qb6 17. Ne2 Be4 18. Qxe4 dxe4 19. Bxb6 axb6 20. Ng3 O-O 21.
Nxe4 Rfd8 22. a3 Rd4 23. Rae1 Rad8 24. g3 b5 25. Re2 Kf8 26. Kg2 R8d7 27. c3 Rd3
28. f5 f6 29. exf6 gxf6 30. g4 Kf7 31. Rff2 Rd8 32. h3 R8d5 33. Rf1 Bd6 34. Rfe1
Be5 35. Re3 Rxe3 36. Rxe3 Rd1 37. Re2 Rd3 38. g5 fxg5 39. Nxg5+ Kf6 40. Nf3 Rd5
41. Rf2 Bf4 42. h4 c5 1/2-1/2

[Event "62nd ch-IND 2025"]
[Site "Guntur IND"]
[Date "2025.10.01"]
[Round "11.1"]
[White "Iniyan, Pa"]
[Black "Gupta, Abhijeet"]
[Result "1/2-1/2"]
[WhiteTitle "GM"]
[BlackTitle "GM"]
[WhiteElo "2599"]
[BlackElo "2511"]
[WhiteFideId "25002767"]
[BlackFideId "5010608"]
[EventDate "2025.09.21"]

1. d4 Nf6 2. c4 g6 3. Nc3 d5 4. cxd5 Nxd5 5. e4 Nxc3 6. bxc3 Bg7 7. Nf3 c5 8.
Rb1 O-O 9. Be2 cxd4 10. cxd4 Qa5+ 11. Bd2 Qxa2 12. O-O Bg4 13. Bg5 h6 14. Be3
Nc6 15. d5 Na5 16. Bc5 b6 17. Bxe7 Rfe8 18. d6 Nc6 19. Bb5 Nxe7 20. h3 Bxf3 21.
Qxf3 Qe6 22. Bxe8 Rxe8 23. dxe7 Rxe7 24. Rfd1 Qxe4 25. Rd8+ Bf8 26. Qxe4 Rxe4
27. Ra8 Re2 28. Kf1 Ra2 29. Rxb6 Ra1+ 30. Ke2 Ra2+ 31. Ke1 Ra1+ 32. Ke2 Ra2+ 1/2-1/2

[Event "62nd ch-IND 2025"]
[Site "Guntur IND"]
[Date "2025.10.01"]
[Round "11.2"]
[White "Viani, Antonio Dcunha"]
[Black "Goutham Krishna H"]
[Result "0-1"]
[WhiteTitle "IM"]
[BlackTitle "IM"]
[WhiteElo "2355"]
[BlackElo "2418"]
[WhiteFideId "5027330"]
[BlackFideId "25983504"]
[EventDate "2025.09.21"]

1. d4 Nf6 2. c4 g6 3. Nc3 Bg7 4. e4 d6 5. Be2 O-O 6. Nf3 Na6 7. O-O e5 8. Re1
Bg4 9. Be3 Bxf3 10. Bxf3 exd4 11. Bxd4 c6 12. g3 h5 13. Qd2 Nc5 14. Rad1 Ne6 15.
Be3 Qa5 16. Qxd6 Ng4 17. Bxg4 hxg4 18. Qd2 Qh5 19. Qe2 Be5 20. Rf1 Rad8 21. Rxd8
Rxd8 22. Rd1 Re8 23. Rf1 Bd4 24. Nd1 Rd8 25. Bc1 Bc5 26. Ne3 Nd4 27. Qxg4 Ne2+
28. Kg2 Nxc1 29. Qxh5 gxh5 30. Rxc1 Bxe3 31. fxe3 Rd2+ 32. Kf3 Rxh2 33. b4 Rxa2
34. b5 cxb5 35. cxb5 Ra5 36. Rc5 Kg7 37. Rxh5 a6 38. Rg5+ Kf8 39. Rc5 Rxb5 40.
Rc8+ Kg7 41. Kf4 a5 42. e5 Rb6 43. Rc1 a4 44. Ra1 Ra6 45. Ke4 a3 46. Ra2 Kg6 47.
Kd3 Kf5 48. Kc2 Kxe5 49. Kb1 b5 50. Re2 Kd5 51. Ka2 b4 52. Rf2 Kc4 53. Rxf7 b3+
54. Ka1 Rh6 55. Rf1 Rh2 56. e4 Ra2+ 57. Kb1 Re2 58. e5 a2+ 59. Ka1 Kb4 60. Rf8
Re1+ 0-1

[Event "62nd ch-IND 2025"]
[Site "Guntur IND"]
[Date "2025.10.01"]
[Round "11.3"]
[White "Ayush, Sharma"]
[Black "Srihari, L R"]
[Result "1/2-1/2"]
[WhiteTitle "IM"]
[BlackTitle "GM"]
[WhiteElo "2457"]
[BlackElo "2481"]
[WhiteFideId "45010943"]
[BlackFideId "46617116"]
[EventDate "2025.09.21"]

1. e4 e5 2. Nf3 Nc6 3. Bb5 a6 4. Ba4 Nf6 5. O-O Be7 6. Re1 b5 7. Bb3 d6 8. c3
O-O 9. h3 Nb8 10. d4 Nbd7 11. c4 b4 12. c5 Bb7 13. Qc2 exd4 14. c6 d3 15. Qc4
Nb6 16. cxb7 Nxc4 17. bxa8=Q Qxa8 18. Bxc4 Nxe4 19. Nbd2 d5 20. Bxd5 Qxd5 21.
Rxe4 Bf6 22. Rxb4 Re8 23. Nf1 c5 24. Ne3 Qd7 25. Rc4 Bd4 26. Rb1 f5 27. b3 f4
28. Nf1 Re2 29. Nxd4 cxd4 30. Bb2 f3 31. Rxd4 Qa7 32. Ne3 Qb6 33. Nc4 Qc5 34.
Rd1 Rxb2 35. Rd8+ Kf7 36. Nxb2 Qg5 37. g3 Qxd8 38. Rxd3 Qf6 39. Nc4 Qa1+ 40. Kh2
Qxa2 41. Rxf3+ Kg8 1/2-1/2

[Event "62nd ch-IND 2025"]
[Site "Guntur IND"]
[Date "2025.10.01"]
[Round "11.4"]
[White "Ritviz, Parab"]
[Black "Sasikiran, Krishnan"]
[Result "0-1"]
[WhiteTitle "IM"]
[BlackTitle "GM"]
[WhiteElo "2372"]
[BlackElo "2524"]
[WhiteFideId "5073367"]
[BlackFideId "5004985"]
[EventDate "2025.09.21"]

1. e4 c5 2. Nf3 d6 3. Bb5+ Nd7 4. O-O a6 5. Bd3 Ngf6 6. c3 Ne5 7. Be2 Ng6 8. Re1
e5 9. d4 cxd4 10. cxd4 Be7 11. Nc3 O-O 12. a4 exd4 13. Qxd4 Be6 14. Ng5 Bd7 15.
h3 Rc8 16. Be3 h6 17. Nf3 Re8 18. Rad1 Bf8 19. Bc4 Be6 20. Nd5 0-1

[Event "62nd ch-IND 2025"]
[Site "Guntur IND"]
[Date "2025.10.01"]
[Round "11.5"]
[White "Manish Anto, Cristiano F"]
[Black "Aronyak, Ghosh"]
[Result "0-1"]
[WhiteTitle "IM"]
[BlackTitle "IM"]
[WhiteElo "2368"]
[BlackElo "2514"]
[WhiteFideId "25095927"]
[BlackFideId "25072846"]
[EventDate "2025.09.21"]

1. e4 c6 2. d4 d5 3. e5 Bf5 4. Nf3 e6 5. Be2 c5 6. Be3 cxd4 7. Nxd4 Ne7 8. c4
Nbc6 9. Qa4 Qd7 10. Nc3 Nxd4 11. Qxd7+ Kxd7 12. Bxd4 Nc6 13. Be3 d4 14. O-O-O
Kc8 15. Bxd4 Nxd4 16. Rxd4 Bc5 17. Rf4 g5 18. Rf3 g4 19. Rf4 Bf8 20. Rd4 Bh6+
21. Kd1 Bg7 22. f4 gxf3 23. Bxf3 Bxe5 24. Rd2 Rd8 25. Ne4 Kc7 26. b3 Bf4 27.
Rxd8 Rxd8+ 28. Ke2 Rd4 29. g3 Bh6 30. Nc3 Rd2+ 31. Ke1 Rb2 32. Nb5+ Kb8 33. Nd6
Bd2+ 34. Kd1 Bd3 35. Be4 Bxe4 36. Nxe4 Rb1+ 37. Kxd2 Rxh1 38. h4 Rh3 39. Ke3 f5
40. Ng5 Rxg3+ 41. Kf4 Rg4+ 42. Ke5 Rxh4 43. Nxe6 Rh2 44. a4 Rf2 45. Nd4 a5 46.
Nxf5 Rxf5+ 47. Kxf5 Kc7 48. Ke5 Kc6 49. Kd4 h5 50. Ke4 Kc5 51. Kf5 Kb4 0-1